00863nam a2200217Ia 4500003000900000008004100009020003100050022002200081022002300103040001600126100003400142245007200176260003100248300001000279490002800289700002300317856010800340942000700448999001700455952017300472IN-BaIIA211028s9999 xx s 000 0 eng d a978-2-7598-9001-9 (Online) a1633-4760 (Print) a1638-1963 (Online) cIIA Library aFraix-Burnet, D., ed. 938270 0aStatistics for Astrophysics: Clustering and Classificationh[eBook] aFrancebEDP Sciencesc2016 a257p. aEAS Publications Series aGirard, S. 938271 uhttps://www.eas-journal.org/articles/eas/abs/2016/01/contents/contents.htmlyClick Here to Access eBook cEB c20666d20666 00104070aBANbBANd2013-01-01eEDP ScienceshV. 77l0pEB126r2021-11-05uhttps://www.eas-journal.org/articles/eas/abs/2016/01/contents/contents.htmlw2021-11-05yEB